El tema de la mujer en el pensamiento social de Eugenio María de Hostos
Guardado en:
| Hovedforfatter: | |
|---|---|
| Format: | Bog |
| Sprog: | Undetermined |
| Udgivet: |
Puerto Rico
Corripio
1992
|
| Fag: | |
| Tags: |
Tilføj Tag
Ingen Tags, Vær først til at tagge denne postø!
|
MARC
| LEADER | 00000nam a2200000Ia 4500 | ||
|---|---|---|---|
| 008 | 170316s9999 xx 000 0 und d | ||
| 090 | |a 801 R-16t | ||
| 100 | |a Rivera Nieves, Irma | ||
| 245 | |a El tema de la mujer en el pensamiento social de Eugenio María de Hostos | ||
| 260 | |a Puerto Rico | ||
| 260 | |b Corripio | ||
| 260 | |c 1992 | ||
| 300 | |a 102 páginas | ||
| 650 | |a TEORÍA LITERARIA | ||
| 999 | |c 20596 |d 20596 | ||
| 040 | |a cru BVZT | ||
| 942 | |c 15 D |h 801 R-16t |2 z | ||
